Библиотека творений св. отцев и учителей церкви западных, издаваемая при Киевской духовной академии. Кн. 12$90: Творения блаженного Августина епископа Иппонийского (Запись № 4472642)

Подробности
000 -МАРКЕР
контрольное поле 01317dam2a22002771 4500
001 - ИДЕНТИФИКАТОР ЗАПИСИ
контрольное поле v19\rc\1225961
005 - ИДЕНТИФИКАТОР ВЕРСИИ
контрольное поле 20250618022854.0
035 ## - ДРУГИЕ СИСТЕМНЫЕ НОМЕРА
Идентификатор записи (NLR Aleph) 004450893
100 ## - ДАННЫЕ ОБЩЕЙ ОБРАБОТКИ
Данные общей обработки 20060306d1882 |||y0rusy50 ca
101 0# - ЯЗЫК РЕСУРСА
Язык текста, звукозаписи и т.д. русский
102 ## - СТРАНА ПУБЛИКАЦИИ ИЛИ ПРОИЗВОДСТВА
Страна публикации Российская Федерация
105 ## - ПОЛЕ КОДИРОВАННЫХ ДАННЫХ: ТЕКСТОВЫЕ МАТЕРИАЛЫ, МОНОГРАФИЧЕСКИЕ
Кодированные данные о монографическом текстовом документе y z |||||
200 1# - ЗАГЛАВИЕ И СВЕДЕНИЯ ОБ ОТВЕТСТВЕННОСТИ
Основное заглавие Творения блаженного Августина епископа Иппонийского
Сведения, относящиеся к заглавию Ч. 4
210 ## - ПУБЛИКАЦИЯ, РАСПРОСТРАНЕНИЕ И ДР.
Дата издания, распространения и т.д. 1882
Место издания, распространения и т.д. Б. м.
215 ## - ФИЗИЧЕСКАЯ ХАРАКТЕРИСТИКА
Специфическое обозначение материала и объем [4], 327 с.
461 #0 - УРОВЕНЬ НАБОРА
Встроенное поле 001v19\rc\1225949
-- 2001#$aБиблиотека творений св. отцев и учителей церкви западных, издаваемая при Киевской духовной академии$eКн. 1-$vКн. 12$90
Системный номер (АБИС) связанной записи 4472587
Место публикации Киев
Дата публикации 1879-
Сведения, относящиеся к заглавию Кн. 1-
Заглавие Библиотека творений св. отцев и учителей церкви западных, издаваемая при Киевской духовной академии
Номер тома Кн. 12$90
701 #1 - ИМЯ ЛИЦА - АЛЬТЕРНАТИВНАЯ ОТВЕТСТВЕННОСТЬ
Системный номер авторитетной/нормативной записи z12790
Начальный элемент ввода Августин Блаженный
Часть имени, кроме начального элемента ввода А.
Даты 354-430
Расширение инициалов личного имени Аврелий
790 #0 - ИМЯ ЛИЦА - АЛЬТЕРНАТИВНАЯ ФОРМА
Системный номер авторитетной/нормативной записи z12701
Начальный элемент ввода Августин
Дополнения к именам, кроме дат еп. Иппонийский
Даты 354-430
801 #0 - ИСТОЧНИК ЗАПИСИ
Страна Российская Федерация
Организация NLR
Правила каталогизации psbo
801 #1 - ИСТОЧНИК ЗАПИСИ
Страна Российская Федерация
Организация ProSoft-M
Источник данных rusmarc
852 ## - МЕСТОНАХОЖДЕНИЕ И ШИФР ХРАНЕНИЯ
Идентификатор организации NLR
Шифр хранения (Call Number) 133/4154
852 ## - МЕСТОНАХОЖДЕНИЕ И ШИФР ХРАНЕНИЯ
Идентификатор организации NLR
Шифр хранения (Call Number) 18.252.2.1
942 ## - ДОПОЛНИТЕЛЬНЫЕ ЭЛЕМЕНТЫ ЗАПИСИ (АБИС)
Тип экземпляра АБИС Книга
980 ## - КОЛЛЕКЦИЯ
Название коллекции Национальная библиография

Нет доступных экземпляров.